Đánh giá năng lực thích ứng của thanh niên trong xây dựng nông thôn mới tại tỉnh Kiên Giang : Luận văn tốt nghiệp cao học. Chuyên ngành Phát triển nông thôn

Nghiên cứu về hiện trạng vai trò của thanh niên nông thôn trong công cuộc xây dựng nông thôn mới (NTM); đánh giá năng lực đáp ứng của thanh niên so với yêu cầu xây dựng NTM; mối quan hệ giữa thanh niên và NTM; đề xuất giải pháp nâng cao năng l...

全面介紹

Đã lưu trong:
書目詳細資料
主要作者: Trần, Thanh Dũng
格式: 圖書
語言:Undetermined
出版: Cần Thơ Trường Đại học Cần Thơ 2015
主題:
標簽: 添加標簽
沒有標簽, 成為第一個標記此記錄!
Thư viện lưu trữ: Trung tâm Học liệu Trường Đại học Cần Thơ
LEADER 01397nam a2200229Ia 4500
001 CTU_209417
008 210402s9999 xx 000 0 und d
082 |a 338.1 
082 |b D513 
088 |a 60620116 
100 |a Trần, Thanh Dũng 
245 0 |a Đánh giá năng lực thích ứng của thanh niên trong xây dựng nông thôn mới tại tỉnh Kiên Giang : 
245 0 |b Luận văn tốt nghiệp cao học. Chuyên ngành Phát triển nông thôn 
245 0 |c Trần Thanh Dũng ; Nguyễn Ngọc Đệ (Hướng dẫn khoa học) 
260 |a Cần Thơ 
260 |b Trường Đại học Cần Thơ 
260 |c 2015 
520 |a Nghiên cứu về hiện trạng vai trò của thanh niên nông thôn trong công cuộc xây dựng nông thôn mới (NTM); đánh giá năng lực đáp ứng của thanh niên so với yêu cầu xây dựng NTM; mối quan hệ giữa thanh niên và NTM; đề xuất giải pháp nâng cao năng lực thích ứng của thanh niên nông thôn theo các tiêu chí xây dựng NTM 
650 |a Phát triển nông thôn,Rural development 
650 |z Việt Nam,Vietnam 
904 |i Nguyễn Thị Phương Thảo (Nguyên) 
980 |a Trung tâm Học liệu Trường Đại học Cần Thơ